| 000 | 00805nam a2200217Ia 4500 | ||
|---|---|---|---|
| 005 | 20250108125151.0 | ||
| 008 | 008 250107s9999 xx 000 0 hin d | ||
| 037 | _aTB | ||
| 040 |
_aCRL _bhin _cCRL |
||
| 041 |
_ahin _2hin |
||
| 084 | _aP,3 P8 | ||
| 084 | _qCRL | ||
| 100 | _aपानेरी, ममता, ले. | ||
| 245 | 0 |
_aसमकालीन हिन्दी एकांकियों में सामाजिक परिवर्तन _cपानेरी, ममता, ले. |
|
| 260 |
_aजयपुर, भारत _bदृष्टि प्रकाशन _c3517 |
||
| 300 | _a130पृ0 | ||
| 365 |
_aINR _b6000 |
||
| 650 | _aहिन्दी साहित्यहिन्दी नाटक | ||
| 942 |
_cTB _hP,3 P8 |
||
| 999 |
_c1235905 _d1235905 |
||